000 00303 a2200133 4500
000 nam a22 7a 4500
100 _aChavan, Umesh
110 _aChavan, Umesh
245 _aLaw and Social Work
250 _aLatest edition
260 _bOxford
_c2024
264 _bOxford
_c2024
942 _cBK
999 _c396193
_d396193